000 00309nam a22001337a 4500
008 250926b |||||||| |||| 00| 0 eng d
020 _a978-81-265-3311-4
100 _aK. Mahesh
245 _aTheory of Computation
260 _aNew Delhi
_bWiley
_c2017
300 _a342
650 _aCSE
942 _2ddc
_cBK
999 _c21538
_d21538